Firm Foundations (Record no. 84141)

MARC details
000 -LEADER
fixed length control field 00707cab a22001935a 4500
001 - CONTROL NUMBER
control field L156754
008 - FIXED-LENGTH DATA ELEMENTS--GENERAL INFORMATION
fixed length control field 120710e20120630xxk 000 0 eng d
035 ## - SYSTEM CONTROL NUMBER
System control number (Sirsi) u156754
041 0# - LANGUAGE CODE
Language code of text/sound track or separate title eng
100 1# - MAIN ENTRY--PERSONAL NAME
Personal name Heighton, Mark
245 00 - TITLE STATEMENT
Title Firm Foundations
260 ## - PUBLICATION, DISTRIBUTION, ETC.
Date of publication, distribution, etc. 2012
490 ## - SERIES STATEMENT
Series statement Estates Gazette
Volume/sequential designation (1226) 30 June 2012, 88-90(3)
520 ## - SUMMARY, ETC.
Summary, etc. Outlines the key issues of setting up forward funding with a developer. Under this arrangement the fund acquires the land before the development commences and then pays all the construction and ancillary costs after the developer completes the project.
590 ## - LOCAL NOTE (RLIN)
Local note KA
651 #4 - SUBJECT ADDED ENTRY--GEOGRAPHIC NAME
Geographic name United Kingdom
690 ## - LOCAL SUBJECT ADDED ENTRY--TOPICAL TERM (OCLC, RLIN)
Topical term or geographic name as entry element Commercial property
9 (RLIN) 6227
942 ## - ADDED ENTRY ELEMENTS (KOHA)
Suppress in OPAC 0
Holdings
Withdrawn status Lost status Source of classification or shelving scheme Damaged status Not for loan Home library Current library Shelving location Date acquired Total Checkouts Full call number Barcode Date last seen Copy number Price effective from Koha item type
    Dewey Decimal Classification     London London Journal article 10/07/2012   L156754 156754-1001 06/08/2019 1 06/08/2019 Journal article